00993nam a22002537a 450000500170000001000130001702000220003003500130005203700160006504000120008108200150009324501160010826000420022427000470026630000240031350000510033765000340038865000320042270000280045470000270048294200240050999900190053395201870055220170124110210.0 aA-946202 c00.00a8170367549 aA-946202 bCen Lib/Ret aDPLbEN a574.5bECO aEco-restructuring :cedited by Robert U. Ayres [and] Paul M. Weaverbimplications for sustainable development / aNew DelhibVistaar Publicationsc1998 bNew DelhiaM-32 Greater Kailash-Ie110048 avi,417p. c23cm(Hb) aIncludes bibliographical references and index  aSustainable development97813 aEnvironmental policy910587 aAyres, Robert U.937998 aWeaver, Paul M.937999 2ddccENh574.5mECO c133458d133458 04104070aLbLd2015-07-25eCen Lib/Retg0.00l0o574.5 ECOpA-946202r2015-07-25 00:00:00t1v0.00w2015-07-25yENzWritten off on approval by DLB (By Circulation); dtd 15-06-2023